000 00343nam a2200145 i 4500
001 bg
100 1 _aSmólska, Janina.
245 0 _aListen and learn.
_n2 /
_cJ. Smólska, J. Rusicki.
260 _aWarszawa,
_c1971.
700 1 _aRusiecki, Jan.
040 _cBPK
041 _apol
942 _cKS
008 s pl f |000 0 pol
999 _c7387
_d7387
856 _uhttp://koha.tu.koszalin.pl/cgi-bin/koha/opac-detail.pl?biblionumber=7387
_yKatalog online BPK